| 000 | 00575nam a2200205 a 4500 | ||
|---|---|---|---|
| 999 |
_c3355 _d3355 |
||
| 003 | BD-JhCC | ||
| 005 | 20171112212609.0 | ||
| 008 | 171112s1966 bg |||| |||| 000 0 ben d | ||
| 035 | _a(BD-JhCC) | ||
| 040 |
_aBD-JhCC _dBD-JhCC |
||
| 041 | _aben | ||
| 082 |
_a891.442 _bCHU 1966 |
||
| 100 | _aচৌধুরী, মুনীর | ||
| 245 |
_aচিঠি / _cমুনীর চৌধুরী |
||
| 260 |
_aঢাকা : _bবাংলা একাডেমী, _c1966. |
||
| 300 |
_a115 p. : _c21 cm. |
||
| 650 | _aBengali Drama | ||
| 942 |
_2ddc _cBK |
||